Every RDR2 Gang Member by Photo - Statistics

General Stats
  • This quiz has been taken 75 times
  • The average score is 23 of 24
Answer Stats
Picture Answer % Correct
Arthur Morgan
100%
Bill Williamson
100%
Charles Smith
100%
Dutch van der Linde
100%
Hosea Matthews
100%
Jack Marston
100%
John Marston
100%
Lenny Summers
100%
Micah Bell
100%
Sean MacGuire
100%
Simon Pearson
100%
Uncle
100%
Javier Escuella
98%
Kieran Duffy
98%
Mary-Beth Gaskill
98%
Molly O'Shea
98%
Sadie Adler
98%
Leopold Strauss
96%
Tilly Jackson
96%
Abigail Roberts
94%
Reverend Swanson
94%
Susan Grimshaw
94%
Karen Jones
91%
Josiah Trelawny
85%
No matching quizzes found
Score Distribution
Percent of People with Each Score
Percentile by Number Answered
Your Score History
You have not taken this quiz